Bohong di dunia
| Main Author: | |
|---|---|
| Format: | Book |
| Published: |
Selangor :
Pustaka Dini ,
2007
|
| Subjects: |
MARC
| LEADER | 00000cam a2200000 7i4500 | ||
|---|---|---|---|
| 001 | 0000018735 | ||
| 005 | 20080610.0 | ||
| 008 | 080610 | ||
| 020 | |a 9789833707249 | ||
| 090 | 0 | 0 | |a 297.18 |b HAM |
| 100 | 1 | |a Hamka | |
| 245 | 1 | 4 | |a Bohong di dunia |c Prof. Dr. Hamka |
| 260 | |a Selangor : |b Pustaka Dini , |c 2007 | ||
| 650 | 0 | |a Islamic ethics | |
| 999 | |a 0001019235 |b Book |c Adult Collection |e Perbadanan Perpustakaan Awam Johor | ||
| 999 | |a 0001019236 |b Book |c Adult Collection |e Perbadanan Perpustakaan Awam Johor | ||
| 999 | |a 0001019237 |b Book |c Adult Collection |e Perbadanan Perpustakaan Awam Johor | ||